| 000 | 00878nam a2200277Ia 4500 | ||
|---|---|---|---|
| 008 | 160803s9999 xx 000 0 und d | ||
| 020 | _a9780152018931 | ||
| 100 | _aRylant, Cynthia | ||
| 245 | _aAppalachia : | ||
| 245 | _bthe voices of sleeping birds / | ||
| 245 | _cby Cynthia Rylant ; illustrated by Barry Moser. | ||
| 260 | _aNew York : | ||
| 260 | _bScholastic Inc. | ||
| 260 | _c1991 | ||
| 300 | _a21 pages : | ||
| 300 | _bcolor illustrations ; | ||
| 300 | _c28 cm | ||
| 500 | _aOriginally published: San Francisco : Harcourt Brace Jovanovich, ©1991. | ||
| 650 | _aAppalachian Region, Southern -- Description and travel -- | ||
| 650 | _aAppalachian Region, Southern -- Social life and customs -- | ||
| 650 | _aManners and customs. | ||
| 650 | _aTravel. | ||
| 650 | _xJuvenile literature. | ||
| 650 | _xJuvenile literature. | ||
| 700 | _a1120 | ||
| 999 |
_c298864 _d298864 |
||